[Event "Titled Tuesday intern op 18th Jan"]
[Site "Chess.com INT"]
[Date "2022.01.18"]
[Round "1"]
[White "Shirazi, Kamran"]
[Black "Bennett, David Michael"]
[Result "1-0"]
[WhiteElo "2311"]
[BlackElo "2029"]
[PlyCount "75"]
[EventDate "2022.01.18"]
[EventType "swiss (blitz)"]
[EventRounds "11"]
[EventCountry "USA"]
[SourceTitle "CBM 206 Extra"]
[Source "ChessBase"]
[SourceDate "2022.03.31"]
[SourceVersion "1"]
[SourceVersionDate "2022.03.31"]
[SourceQuality "1"]

1. e4 e6 2. d4 d6 3. Nc3 Nd7 4. f4 Ne7 5. Nf3 f5 6. Ng5 Nf6 7. exf5 Nxf5 8. d5 exd5 9. Nxd5 Nxd5 10. Qxd5 Qe7+ 11. Be2 c6 12. Qe4 Qxe4 13. Nxe4 d5 14. Ng3 Bc5 15. Bd2 0-0 16. Nxf5 Bxf5 17. 0-0-0 Rae8 18. Bf3 Be4 19. Bxe4 Rxe4 20. Rde1 Rfe8 21. Kd1 Kf7 22. Rxe4 Rxe4 23. Rf1 h5 24. g3 Be3 25. Re1 Bxd2 26. Rxe4 dxe4 27. Kxd2 Ke6 28. Ke3 Kf5 29. h3 b6 30. c3 a6 31. c4 c5 32. b3 b5 33. a3 bxc4 34. bxc4 a5 35. a4 g6 36. g4+ hxg4 37. hxg4+ Kxg4 38. Kxe4 1-0

[Event "World op 47th"]
[Site "Philadelphia"]
[Date "2019.07.07"]
[Round "9"]
[White "Mahajan, Rushaan"]
[Black "Bennett, David Michael"]
[Result "0-1"]
[WhiteElo "1889"]
[BlackElo "2020"]
[PlyCount "102"]
[EventDate "2019.07.03"]
[EventType "swiss"]
[EventRounds "9"]
[EventCountry "USA"]
[SourceTitle "CBM 191 Extra"]
[Source "ChessBase"]
[SourceDate "2019.09.30"]
[SourceVersion "1"]
[SourceVersionDate "2019.09.30"]
[SourceQuality "1"]

1. d4 d5 2. Bf4 c5 3. e3 Qb6 4. Nc3 e6 5. a3 Bd7 6. Rb1 Nf6 7. Nf3 Be7 8. h3 0-0 9. Be2 Rc8 10. 0-0 cxd4 11. exd4 Nc6 12. Bd3 g6 13. Ne2 Na5 14. c3 Bb5 15. Bc2 Ne4 16. a4 Bc4 17. Ne5 Ba2 18. Ra1 Bb3 19. Bxb3 Qxb3 20. f3 Qxd1 21. Rfxd1 Nd6 22. b4 Nac4 23. Nd3 g5 24. Bg3 h5 25. Kf2 h4 26. Bh2 Nf5 27. Rdb1 b6 28. a5 bxa5 29. bxa5 Bd8 30. Rb7 Bxa5 31. Nc5 Bb6 32. Nd7 Kg7 33. Ra6 Kg6 34. Bb8 Ba5 35. Rb5 Bb6 36. Be5 Rd8 37. Nxb6 axb6 38. Rxa8 Rxa8 39. Bc7 Ra2 40. f4 Ng3 41. f5+ exf5 42. Bxg3 hxg3+ 43. Kf3 g4+ 44. hxg4 fxg4+ 45. Kxg3 Rxe2 46. Rxd5 Rxg2+ 47. Kxg2 Ne3+ 48. Kg3 Nxd5 49. c4 Ne3 50. c5 bxc5 51. dxc5 Kf5 0-1

[Event "Bhopal op"]
[Site "Bhopal"]
[Date "2017.12.24"]
[Round "6"]
[White "Doshi, Moksh Amitbhai"]
[Black "Bennett, David Michael"]
[Result "1-0"]
[WhiteElo "2337"]
[BlackElo "2159"]
[PlyCount "79"]
[EventDate "2017.12.21"]
[EventType "swiss"]
[EventRounds "10"]
[EventCountry "IND"]
[SourceTitle "CBM 182 Extra"]
[Source "ChessBase"]
[SourceDate "2018.02.23"]
[SourceVersion "1"]
[SourceVersionDate "2018.02.23"]
[SourceQuality "1"]

1. d4 d5 2. c4 dxc4 3. e4 Nf6 4. e5 Nd5 5. Bxc4 Nb6 6. Bb3 Nc6 7. Ne2 Bg4 8. f3 Bf5 9. Nbc3 e6 10. 0-0 h5 11. Be3 Na5 12. Ng3 Nxb3 13. Qxb3 Bd3 14. Rfc1 Bc4 15. Qc2 h4 16. Nge4 h3 17. g3 Bd5 18. a4 a5 19. Nxd5 Nxd5 20. Bg5 Qd7 21. Qb3 Nb4 22. Rd1 Qd5 23. Qc3 Nc6 24. Rac1 Rh5 25. Qe3 Be7 26. Bxe7 Kxe7 27. g4 Rh6 28. Rc5 Qa2 29. Rb5 Qxa4 30. Nc3 Qc2 31. Rd2 Qc1+ 32. Nd1 b6 33. Rb3 Qb1 34. Rc3 Kd7 35. Qe2 Nb4 36. Qb5+ Kd8 37. d5 exd5 38. Rxd5+ Ke7 39. Rxc7+ Kf8 40. Qd7 1-0

[Event "Titled Tuesday intern op 6th Dec 2pm"]
[Site "Chess.com INT"]
[Date "2017.01.03"]
[Round "9"]
[White "Simonovic, Miroslav"]
[Black "Bennett, David Michael"]
[Result "1-0"]
[WhiteElo "2219"]
[BlackElo "2105"]
[PlyCount "49"]
[EventDate "2017.12.06"]
[EventType "swiss (blitz)"]
[EventRounds "9"]
[EventCountry "USA"]
[SourceTitle "EXT 2021"]
[Source "ChessBase"]
[SourceDate "2020.10.23"]
[SourceVersion "1"]
[SourceVersionDate "2020.10.23"]
[SourceQuality "1"]

1. d4 d5 2. c4 dxc4 3. Nc3 a6 4. a4 Nc6 5. Nf3 Nf6 6. e4 Bg4 7. d5 Ne5 8. Be2 Bxf3 9. gxf3 c6 10. f4 Nd3+ 11. Bxd3 cxd3 12. Qxd3 e6 13. Be3 Bb4 14. d6 Qa5 15. e5 Nd5 16. Bd2 0-0-0 17. 0-0 Rhg8 18. Rac1 Bxc3 19. bxc3 Qxa4 20. c4 Nb6 21. Be3 Nd7 22. Ra1 Qb4 23. Rfb1 Nc5 24. Qc2 Nb3 25. Rxb3 1-0

[Event "Washington Congress 3rd"]
[Site "Arlington"]
[Date "2016.10.09"]
[Round "8"]
[White "Wegerle, Joerg"]
[Black "Bennett, David Michael"]
[Result "1-0"]
[WhiteElo "2442"]
[BlackElo "2085"]
[PlyCount "85"]
[EventDate "2016.10.05"]
[EventType "swiss"]
[EventRounds "9"]
[EventCountry "USA"]
[SourceTitle "EXT 2018"]
[Source "ChessBase"]
[SourceDate "2017.10.13"]
[SourceVersion "1"]
[SourceVersionDate "2017.10.13"]
[SourceQuality "1"]

1. e4 d5 2. exd5 Nf6 3. d4 Nxd5 4. c4 Nb6 5. Nf3 g6 6. h3 Bg7 7. Be3 c5 8. Nc3 cxd4 9. Bxd4 Bxd4 10. Qxd4 Qxd4 11. Nxd4 Nc6 12. 0-0-0 Nxd4 13. Rxd4 0-0 14. Be2 e5 15. Rd6 Be6 16. b3 Rad8 17. Rhd1 Rxd6 18. Rxd6 Nc8 19. Rd2 f5 20. c5 Ne7 21. Bb5 Kg7 22. Bd7 Bf7 23. b4 Nc6 24. Bxc6 bxc6 25. Rd7 a5 26. b5 cxb5 27. c6 Rc8 28. c7 Kf6 29. Nxb5 Be6 30. Rxh7 Rg8 31. Kd2 e4 32. g3 Ke5 33. a4 Kd5 34. Kc3 Kc5 35. Re7 Kd5 36. Rxe6 Kxe6 37. Na7 Kd7 38. c8Q+ Rxc8+ 39. Nxc8 Kxc8 40. Kd4 Kd7 41. Kd5 Ke7 42. Ke5 Kf7 43. g4 1-0

[Event "Washington Congress 3rd"]
[Site "Arlington"]
[Date "2016.10.08"]
[Round "6"]
[White "Prem, Pranav"]
[Black "Bennett, David Michael"]
[Result "1-0"]
[WhiteElo "1765"]
[BlackElo "2085"]
[PlyCount "52"]
[EventDate "2016.10.05"]
[EventType "swiss"]
[EventRounds "9"]
[EventCountry "USA"]
[SourceTitle "EXT 2018"]
[Source "ChessBase"]
[SourceDate "2017.10.13"]
[SourceVersion "1"]
[SourceVersionDate "2017.10.13"]
[SourceQuality "1"]

1. d4 d5 2. c4 dxc4 3. Nf3 Nf6 4. e3 e6 5. Bxc4 c5 6. 0-0 Qc7 7. Bb3 Nc6 8. Nc3 a6 9. a4 Be7 10. Qe2 0-0 11. Rd1 Rd8 12. d5 exd5 13. Nxd5 Nxd5 14. Bxd5 Nb4 15. Bb3 Rxd1+ 16. Qxd1 Bf5 17. Bd2 Rd8 18. Qe2 Bd3 19. Qe1 Nc2 20. Bxc2 Bxc2 21. Qc1 Be4 22. Ne1 Bd6 23. h3 Qc6 24. f3 Bd5 25. Bc3 f6 26. Qc2 Qb6 1-0

[Event "Washington Congress 3rd"]
[Site "Arlington"]
[Date "2016.10.07"]
[Round "4"]
[White "Heidari, Ako"]
[Black "Bennett, David Michael"]
[Result "0-1"]
[WhiteElo "1799"]
[BlackElo "2085"]
[PlyCount "82"]
[EventDate "2016.10.05"]
[EventType "swiss"]
[EventRounds "9"]
[EventCountry "USA"]
[SourceTitle "EXT 2018"]
[Source "ChessBase"]
[SourceDate "2017.10.13"]
[SourceVersion "1"]
[SourceVersionDate "2017.10.13"]
[SourceQuality "1"]

1. c4 c5 2. Nc3 Nc6 3. g3 g6 4. Bg2 Bg7 5. a3 d6 6. Rb1 a5 7. Nf3 e5 8. 0-0 Nge7 9. d3 0-0 10. Ne1 Be6 11. Nd5 Rb8 12. Nc2 b5 13. Nce3 Qd7 14. Bd2 Qa7 15. Qe1 a4 16. Nc3 Nd4 17. Ned5 bxc4 18. dxc4 Nxd5 19. Bxd5 Qa6 20. Qd1 Bxd5 21. cxd5 e4 22. Re1 Rb3 23. Nxe4 Rfb8 24. Bc3 Re8 25. e3 Rxe4 26. exd4 Rxe1+ 27. Qxe1 Qb5 28. Rc1 c4 29. Qe4 h5 30. Re1 Kh7 31. Qf3 Qb7 32. Re8 Rb5 33. Qe2 Qxd5 34. Rc8 Bxd4 35. Qe8 Bxc3 36. Rc7 Bg7 37. Rxf7 Qe5 38. Qd7 Rxb2 39. Re7 Rb1+ 40. Kg2 Qd5+ 41. f3 Rb2+ 0-1

[Event "Washington Congress 3rd"]
[Site "Arlington"]
[Date "2016.10.06"]
[Round "3"]
[White "Bennett, David Michael"]
[Black "Kaufman, Larry C"]
[Result "0-1"]
[WhiteElo "2085"]
[BlackElo "2285"]
[PlyCount "88"]
[EventDate "2016.10.05"]
[EventType "swiss"]
[EventRounds "9"]
[EventCountry "USA"]
[SourceTitle "EXT 2018"]
[Source "ChessBase"]
[SourceDate "2017.10.13"]
[SourceVersion "1"]
[SourceVersionDate "2017.10.13"]
[SourceQuality "1"]

1. c4 Nf6 2. g3 c6 3. d4 d5 4. Qc2 dxc4 5. Qxc4 Qd5 6. Qxd5 cxd5 7. Nf3 Nc6 8. Bg2 Nb4 9. Na3 b6 10. Ne5 Ba6 11. Bd2 e6 12. f3 Nd7 13. Nxd7 Kxd7 14. Kf2 Rc8 15. Rhc1 Be7 16. Bc3 Rc7 17. Bxb4 Rxc1 18. Rxc1 Bxb4 19. Nb1 h5 20. h4 f6 21. Bh3 g5 22. hxg5 fxg5 23. a3 Bd6 24. Rh1 h4 25. gxh4 gxh4 26. Nc3 Bg3+ 27. Kg2 Kd6 28. e4 Rg8 29. Bg4 Bd3 30. exd5 exd5 31. Rd1 Bc4 32. Kh3 Re8 33. Bf5 Re3 34. Kg4 Ba6 35. Rc1 Re7 36. Kh3 Bf2 37. Rd1 Rf7 38. Bg4 Rf4 39. Rd2 Bf1+ 40. Kh2 Bxd4 41. Nd1 a5 42. Nf2 Be3 43. Rd1 Bc4 44. Kg2 Rd4 0-1

[Event "Titled Tuesday intern op 2nd Aug"]
[Site "Chess.com INT"]
[Date "2016.08.02"]
[Round "2"]
[White "Bennett, David Michael"]
[Black "Adhiban, Baskaran"]
[Result "0-1"]
[WhiteElo "2112"]
[BlackElo "2671"]
[PlyCount "90"]
[EventDate "2016.08.02"]
[EventType "swiss (blitz)"]
[EventRounds "9"]
[EventCountry "USA"]
[SourceTitle "EXT 2021"]
[Source "ChessBase"]
[SourceDate "2020.10.23"]
[SourceVersion "1"]
[SourceVersionDate "2020.10.23"]
[SourceQuality "1"]

1. c4 e5 2. g3 Nf6 3. Bg2 d5 4. cxd5 Nxd5 5. Nf3 Nc6 6. 0-0 Be7 7. d4 e4 8. Ne5 f5 9. Nxc6 bxc6 10. Qc2 0-0 11. Qxc6 Rb8 12. a3 Rb6 13. Qc2 Ba6 14. Re1 Bf6 15. Nc3 Bxd4 16. Rd1 Bxc3 17. bxc3 Rd6 18. Bd2 Bxe2 19. Re1 Bd3 20. Qb3 Rb6 21. Qa2 Kh8 22. c4 Nf6 23. Be3 Rc6 24. Rac1 a6 25. Red1 Ng4 26. Bf4 Qd4 27. h3 Nf6 28. Be3 Qe5 29. Rxd3 exd3 30. Bxc6 Nh5 31. Qa1 Qd6 32. Bf3 Nxg3 33. Kg2 f4 34. Bd4 Nf5 35. Bc3 Nh4+ 36. Kh1 Qd7 37. Bg4 Qc6+ 38. f3 Nxf3 39. Bxg7+ Kg8 40. Bxf3 Qxf3+ 41. Kh2 Qg3+ 42. Kh1 Qxh3+ 43. Kg1 Rf5 44. Kf2 Rg5 45. Rg1 Qe3+ 0-1

[Event "Titled Tuesday intern op 2nd Aug"]
[Site "Chess.com INT"]
[Date "2016.08.02"]
[Round "3"]
[White "Bennett, David Michael"]
[Black "Albertini, Luca"]
[Result "0-1"]
[WhiteElo "2112"]
[BlackElo "2222"]
[PlyCount "168"]
[EventDate "2016.08.02"]
[EventType "swiss (blitz)"]
[EventRounds "9"]
[EventCountry "USA"]
[SourceTitle "EXT 2021"]
[Source "ChessBase"]
[SourceDate "2020.10.23"]
[SourceVersion "1"]
[SourceVersionDate "2020.10.23"]
[SourceQuality "1"]

1. c4 e5 2. g3 Nf6 3. Bg2 d5 4. cxd5 Nxd5 5. Nf3 Nc6 6. 0-0 Be7 7. d4 e4 8. Ne5 f5 9. Nxc6 bxc6 10. Qc2 Qd6 11. a3 0-0 12. Nd2 Ba6 13. Nc4 Bxc4 14. Qxc4 Kh8 15. e3 g5 16. f4 g4 17. Bd2 a5 18. Rac1 Rab8 19. Rc2 Rb5 20. Rb1 Rfb8 21. Bf1 Rb3 22. Kf2 Qh6 23. Qxc6 Qxh2+ 24. Bg2 Nf6 25. Rh1 R3b6 26. Rxh2 Rxc6 27. Rxc6 Rxb2 28. Ke2 Bd6 29. Ra6 Nd5 30. Rxa5 Nc3+ 31. Ke1 Rb1+ 32. Kf2 Rb2 33. Ke1 Rb1+ 34. Kf2 Rb2 35. Ke1 Nb1 36. Bc1 Rc2 37. Kd1 Rf2 38. Rxf5 Nc3+ 39. Ke1 Re2+ 40. Kf1 Rc2 41. Rf7 Rxc1+ 42. Kf2 Rc2+ 43. Kg1 Ne2+ 44. Kf2 Nxf4+ 45. Kf1 Rc1+ 46. Kf2 Nd3+ 47. Ke2 Rc2+ 48. Kd1 Rf2 49. Rhxh7+ Kg8 50. Rxf2 Nxf2+ 51. Ke2 Kxh7 52. Kxf2 Kg6 53. Bxe4+ Kg5 54. Bd3 Bxa3 55. e4 Bd6 56. e5 Be7 57. Be4 Bd8 58. d5 Be7 59. e6 Bc5+ 60. Kg2 Bd6 61. Bd3 Bc5 62. Be2 Bd6 63. Bd3 Be7 64. Be4 Bd6 65. Kf2 Bc5+ 66. Ke2 Bd6 67. Kf2 Kf6 68. Bd3 Ke5 69. Be2 Kxd5 70. Bxg4 Ke5 71. Kf3 Kf6 72. Bh3 Kg5 73. Bf1 Be7 74. Bc4 Bd6 75. g4 Be7 76. Bd3 Bd6 77. Bf5 Be7 78. Ke4 c5 79. Kd5 Kf6 80. Kc6 c4 81. Kd7 Bb4 82. e7 Bxe7 83. g5+ Kxf5 84. Kxe7 Kxg5 0-1

[Event "Titled Tuesday intern op1 2nd Aug"]
[Site "Chess.com INT"]
[Date "2016.08.02"]
[Round "3"]
[White "Bennett, David Michael"]
[Black "Arnold, Ken"]
[Result "0-1"]
[WhiteElo "2112"]
[BlackElo "2200"]
[PlyCount "78"]
[EventDate "2016.08.02"]
[EventType "swiss (blitz)"]
[EventRounds "9"]
[EventCountry "USA"]
[SourceTitle "EXT 2021"]
[Source "ChessBase"]
[SourceDate "2020.10.23"]
[SourceVersion "1"]
[SourceVersionDate "2020.10.23"]
[SourceQuality "1"]

1. c4 Nf6 2. g3 e6 3. Nf3 d5 4. d4 Be7 5. Bg2 b6 6. Ne5 Bb7 7. 0-0 0-0 8. Nc3 Ne4 9. Qc2 Nxc3 10. bxc3 Nc6 11. Nxc6 Bxc6 12. cxd5 Bxd5 13. e4 Bb7 14. Be3 Rc8 15. Rfd1 Qe8 16. a4 Ba6 17. c4 Qc6 18. Rdc1 Bb7 19. d5 exd5 20. exd5 Qd7 21. Be4 f5 22. Bg2 Bd6 23. c5 bxc5 24. Bxc5 f4 25. Be4 g6 26. Bd4 fxg3 27. hxg3 Qf7 28. Qc4 Rce8 29. Bg2 Bc8 30. Bxa7 h5 31. Re1 Rxe1+ 32. Rxe1 Bg4 33. Be3 Bf3 34. Qd3 Bxg2 35. Kxg2 Qf3+ 36. Kh2 Kh7 37. Rh1 Re8 38. Kg1 Bxg3 39. d6 Bxf2+ 0-1

[Event "Titled Tuesday intern op 5th July"]
[Site "Chess.com INT"]
[Date "2016.07.05"]
[Round "3"]
[White "Bennett, David Michael"]
[Black "Krupko, Alexey"]
[Result "0-1"]
[WhiteElo "2112"]
[BlackElo "2225"]
[PlyCount "70"]
[EventDate "2016.07.05"]
[EventType "swiss (blitz)"]
[EventRounds "9"]
[EventCountry "USA"]
[SourceTitle "EXT 2021"]
[Source "ChessBase"]
[SourceDate "2020.10.23"]
[SourceVersion "1"]
[SourceVersionDate "2020.10.23"]
[SourceQuality "1"]

1. c4 e5 2. g3 Nf6 3. Bg2 d5 4. cxd5 Nxd5 5. Nf3 Nc6 6. 0-0 Nb6 7. d3 Be7 8. b3 0-0 9. Bb2 f6 10. Nbd2 Be6 11. Nc4 Qd7 12. Re1 Rad8 13. Nfd2 Bd5 14. Ne4 Rfe8 15. Ne3 Be6 16. Rc1 Nd4 17. Nc5 Bxc5 18. Rxc5 c6 19. Rc1 Bh3 20. Bh1 f5 21. Nc2 Nb5 22. Qd2 h6 23. Rcd1 c5 24. a4 Nd6 25. a5 Nbc8 26. Qc3 b6 27. axb6 axb6 28. b4 Nb5 29. Qc4+ Kh7 30. bxc5 bxc5 31. Qxc5 e4 32. Ne3 Nd4 33. dxe4 Nxe2+ 34. Rxe2 Qxd1+ 35. Nxd1 Rxd1+ 0-1

[Event "Titled Tuesday intern op 5th July"]
[Site "Chess.com INT"]
[Date "2016.07.05"]
[Round "7"]
[White "Bennett, David Michael"]
[Black "Makarenko, Alexandra"]
[Result "0-1"]
[WhiteElo "2112"]
[BlackElo "2269"]
[PlyCount "48"]
[EventDate "2016.07.05"]
[EventType "swiss (blitz)"]
[EventRounds "9"]
[EventCountry "USA"]
[SourceTitle "EXT 2021"]
[Source "ChessBase"]
[SourceDate "2020.10.23"]
[SourceVersion "1"]
[SourceVersionDate "2020.10.23"]
[SourceQuality "1"]

1. c4 c5 2. b3 g6 3. Bb2 Nf6 4. Bxf6 exf6 5. Nc3 f5 6. g3 Bg7 7. Bg2 0-0 8. Rc1 Nc6 9. Nh3 Qa5 10. Qc2 Nb4 11. Qb2 Nxa2 12. Qxa2 Bxc3 13. Qc2 Bb4 14. Nf4 d5 15. Bxd5 Bd7 16. h4 Bc6 17. h5 g5 18. Bxc6 bxc6 19. Nd3 Rad8 20. Rd1 Rfe8 21. h6 f6 22. f4 Qc7 23. 0-0 Rxe2 24. fxg5 Qxg3+ 0-1

[Event "Forni di Sopra op 7th"]
[Site "Forni di Sopra"]
[Date "2016.06.12"]
[Round "1"]
[White "Ziska, Helgi Dam"]
[Black "Bennett, David Michael"]
[Result "1-0"]
[WhiteElo "2549"]
[BlackElo "2148"]
[PlyCount "67"]
[EventDate "2016.06.12"]
[EventType "swiss"]
[EventRounds "9"]
[EventCountry "ITA"]
[SourceTitle "CBM 173 Extra"]
[Source "ChessBase"]
[SourceDate "2016.08.29"]
[SourceVersion "1"]
[SourceVersionDate "2016.08.29"]
[SourceQuality "1"]

1. e4 d5 2. exd5 Nf6 3. Be2 Nxd5 4. d4 g6 5. Nf3 Bg7 6. 0-0 0-0 7. h3 Nd7 8. c4 N5f6 9. Nc3 c5 10. Be3 b6 11. Qa4 cxd4 12. Bxd4 Bb7 13. Rfd1 Qc7 14. Qa3 Rfe8 15. Be3 a6 16. Rac1 Rac8 17. b4 Bf8 18. Qb2 e6 19. a3 Red8 20. Na4 Bg7 21. Qb3 h6 22. Ne1 Be4 23. Rd4 Rb8 24. Rcd1 Bc6 25. Bf3 e5 26. R4d2 e4 27. Be2 b5 28. Nc3 Re8 29. Nc2 Ne5 30. cxb5 axb5 31. Nd4 Ba8 32. Ndxb5 Qe7 33. Bc5 Nf3+ 34. Bxf3 1-0

[Event "Titled Tuesday intern op 7th June"]
[Site "Chess.com INT"]
[Date "2016.06.07"]
[Round "1"]
[White "Bennett, David Michael"]
[Black "Kunin, Vitaly L"]
[Result "0-1"]
[WhiteElo "2148"]
[BlackElo "2582"]
[PlyCount "88"]
[EventDate "2016.06.07"]
[EventType "swiss (blitz)"]
[EventRounds "9"]
[EventCountry "USA"]
[SourceTitle "EXT 2021"]
[Source "ChessBase"]
[SourceDate "2020.10.23"]
[SourceVersion "1"]
[SourceVersionDate "2020.10.23"]
[SourceQuality "1"]

1. c4 e5 2. g3 Nc6 3. Bg2 f5 4. Nc3 Nf6 5. d3 Bb4 6. Bd2 0-0 7. a3 Bxc3 8. Bxc3 d6 9. Qd2 Kh8 10. 0-0-0 d5 11. cxd5 Nxd5 12. Nf3 Nxc3 13. Qxc3 Qe7 14. Kb1 Be6 15. d4 exd4 16. Nxd4 Nxd4 17. Rxd4 c5 18. Rd2 Rab8 19. Rhd1 b5 20. Qe3 b4 21. Bd5 Rb6 22. axb4 cxb4 23. Bb3 f4 24. gxf4 Bf5+ 25. Bc2 Bxc2+ 26. Rxc2 Qf6 27. Rd4 h6 28. Rc5 Qg6+ 29. Qd3 Qg1+ 30. Rc1 Qxf2 31. Rc7 Qg1+ 32. Kc2 b3+ 33. Kd2 Qa1 34. Qc3 Rbf6 35. Rdd7 Qb1 36. Rxg7 Rd6+ 37. Ke3 Re6+ 38. Kd2 Rd6+ 39. Ke3 Re6+ 40. Kf3 Qf1+ 41. Kg3 Qxf4+ 42. Kh3 Qf5+ 43. Rg4+ Ref6 44. Rcg7 Qh5+ 0-1

[Event "Philadelphia op 10th"]
[Site "Philadelphia"]
[Date "2016.03.24"]
[Round "2"]
[White "Bennett, David Michael"]
[Black "Balakrishnan, Praveen"]
[Result "0-1"]
[WhiteElo "2103"]
[BlackElo "2377"]
[PlyCount "80"]
[EventDate "2016.03.23"]
[EventType "swiss"]
[EventRounds "9"]
[EventCountry "USA"]
[SourceTitle "CBM 171 Extra"]
[Source "ChessBase"]
[SourceDate "2016.04.26"]
[SourceVersion "1"]
[SourceVersionDate "2016.04.26"]
[SourceQuality "1"]

1. c4 c5 2. b3 Nc6 3. g3 g6 4. Bb2 e5 5. Bg2 Bg7 6. Nc3 Nge7 7. d3 0-0 8. e3 d6 9. Nge2 a6 10. 0-0 Rb8 11. Qd2 b5 12. Nd5 Nxd5 13. cxd5 Ne7 14. b4 cxb4 15. Qxb4 a5 16. Qd2 b4 17. d4 Ba6 18. dxe5 dxe5 19. Rfd1 Nf5 20. Rac1 Nd6 21. Rc6 Bb5 22. Qc2 Bxc6 23. dxc6 Qc7 24. Bd5 Rfd8 25. e4 Kh8 26. f4 f6 27. Kg2 Nc8 28. fxe5 fxe5 29. Rf1 Ne7 30. Nf4 exf4 31. Bxg7+ Kxg7 32. Qb2+ Kh6 33. Rxf4 Nxd5 34. Rh4+ Kg5 35. Qd2+ Nf4+ 36. gxf4+ Kxh4 37. Qe3 Rd3 38. Qxd3 Qxf4 39. Qh3+ Kg5 40. c7 Rf8 0-1

[Event "Titled Tuesday intern op 3rd Nov"]
[Site "Chess.com INT"]
[Date "2015.11.03"]
[Round "6"]
[White "Bennett, David Michael"]
[Black "Kotepalli, Sai Nirupama"]
[Result "1-0"]
[WhiteElo "2130"]
[BlackElo "1944"]
[PlyCount "37"]
[EventDate "2015.11.03"]
[EventType "swiss (blitz)"]
[EventRounds "9"]
[EventCountry "USA"]
[SourceTitle "EXT 2021"]
[Source "ChessBase"]
[SourceDate "2020.10.23"]
[SourceVersion "1"]
[SourceVersionDate "2020.10.23"]
[SourceQuality "1"]

1. c4 e5 2. g3 Nc6 3. Bg2 Nf6 4. Nc3 Bc5 5. a3 a5 6. e3 d6 7. Nge2 Bg4 8. h3 Bh5 9. g4 Bg6 10. d4 Bb6 11. f4 exf4 12. exf4 h6 13. f5 Bh7 14. Be3 0-0 15. 0-0 Re8 16. Bf2 Qd7 17. Qd2 Re7 18. Rad1 Rae8 19. Nf4 1-0

[Event "Titled Tuesday intern op 3rd Nov"]
[Site "Chess.com INT"]
[Date "2015.11.03"]
[Round "4"]
[White "D'Innocente, Stefano"]
[Black "Bennett, David Michael"]
[Result "1-0"]
[WhiteElo "2261"]
[BlackElo "2130"]
[PlyCount "91"]
[EventDate "2015.11.03"]
[EventType "swiss (blitz)"]
[EventRounds "9"]
[EventCountry "USA"]
[SourceTitle "EXT 2021"]
[Source "ChessBase"]
[SourceDate "2020.10.23"]
[SourceVersion "1"]
[SourceVersionDate "2020.10.23"]
[SourceQuality "1"]

1. e4 d5 2. exd5 Nf6 3. Bb5+ Bd7 4. Be2 Nxd5 5. d4 g6 6. Nf3 Bg7 7. 0-0 0-0 8. h3 Nc6 9. Re1 Nb6 10. c3 e5 11. dxe5 Nxe5 12. Nxe5 Bxe5 13. Bh6 Re8 14. Bf3 c6 15. Na3 Bf5 16. Qxd8 Raxd8 17. Be3 Kg7 18. Rad1 Kf6 19. Rxd8 Rxd8 20. g4 Be6 21. g5+ Ke7 22. Bxb6 axb6 23. Rxe5 Kd6 24. Re2 Bxh3 25. Rd2+ Kc7 26. Rxd8 Kxd8 27. Kh2 Be6 28. b3 b5 29. Kg3 Kd7 30. Kf4 Kd6 31. Nc2 b6 32. Ne3 c5 33. c4 bxc4 34. bxc4 b5 35. cxb5 Bxa2 36. b6 c4 37. Bd5 Kd7 38. Bxf7 Kc6 39. Bxc4 Bb1 40. Bg8 Kxb6 41. Bxh7 Kc5 42. Ke5 Kb4 43. Nd5+ Kc4 44. Ne7 Kc3 45. Bxg6 Ba2 46. f4 1-0

[Event "Titled Tuesday intern op 2nd May"]
[Site "Chess.com INT"]
[Date "2015.05.05"]
[Round "3"]
[White "Bennett, David Michael"]
[Black "O'Brien, Matthew"]
[Result "0-1"]
[WhiteElo "2143"]
[BlackElo "2093"]
[PlyCount "80"]
[EventDate "2015.05.05"]
[EventType "swiss (blitz)"]
[EventRounds "9"]
[EventCountry "USA"]
[SourceTitle "EXT 2021"]
[Source "ChessBase"]
[SourceDate "2020.10.23"]
[SourceVersion "1"]
[SourceVersionDate "2020.10.23"]
[SourceQuality "1"]

1. c4 Nf6 2. g3 g6 3. Bg2 Bg7 4. Nc3 0-0 5. e3 d6 6. Nge2 c5 7. 0-0 Nc6 8. d3 e5 9. b3 Re8 10. Bb2 Bf5 11. a3 Qd7 12. Qd2 Bh3 13. Rad1 Rad8 14. d4 exd4 15. exd4 Bxg2 16. Kxg2 cxd4 17. Nxd4 Nxd4 18. Qxd4 Ne4 19. Qd3 Qc6 20. f3 Nc5 21. Qc2 Re6 22. Rf2 Rde8 23. Nd5 Nd7 24. Bxg7 Kxg7 25. Qb2+ f6 26. Rfd2 Ne5 27. Qd4 a6 28. Qf2 Nd7 29. Nf4 Nc5 30. Nxe6+ Rxe6 31. b4 Nb3 32. Re2 Qxc4 33. Rxe6 Qxe6 34. Re1 Qd5 35. Re7+ Kh6 36. Qe3+ g5 37. Kh3 Nd2 38. Re6 Kg6 39. f4 g4+ 40. Kxg4 Qh5# 0-1

[Event "Titled Tuesday intern op 7th April"]
[Site "Chess.com INT"]
[Date "2015.04.07"]
[Round "5"]
[White "Rensch, Daniel"]
[Black "Bennett, David Michael"]
[Result "1-0"]
[WhiteElo "2384"]
[BlackElo "2143"]
[PlyCount "105"]
[EventDate "2015.04.07"]
[EventType "swiss (blitz)"]
[EventRounds "9"]
[EventCountry "USA"]
[SourceTitle "EXT 2021"]
[Source "ChessBase"]
[SourceDate "2020.10.23"]
[SourceVersion "1"]
[SourceVersionDate "2020.10.23"]
[SourceQuality "1"]

1. e4 d5 2. exd5 Qxd5 3. Nc3 Qd8 4. d4 Nf6 5. g3 Bg4 6. f3 Bf5 7. Be3 e6 8. Qd2 Bb4 9. a3 Ba5 10. Bc4 0-0 11. Nge2 c6 12. g4 Bg6 13. h4 h5 14. Nf4 Bh7 15. gxh5 Nbd7 16. Rg1 e5 17. Ng6 exd4 18. Bxd4 Re8+ 19. Kf1 Nb6 20. Ba2 c5 21. Be3 Qxd2 22. Bxd2 Nxh5 23. Nf4 Nxf4 24. Bxf4 c4 25. Bh6 g6 26. Kg2 Bxc3 27. bxc3 Re2+ 28. Kh1 Rd8 29. Rad1 Rxd1 30. Rxd1 f5 31. a4 a5 32. Rd6 Nxa4 33. Bxc4+ Kh8 34. Rd8+ Bg8 35. Bxe2 Kh7 36. Bg5 Nxc3 37. Bd3 Bd5 38. Rd7+ Kg8 39. Kg2 Bc6 40. Rc7 Kf8 41. Be7+ Ke8 42. Bc5 a4 43. Rc8+ Kd7 44. Ra8 Nd5 45. Bc4 Nf4+ 46. Kg3 Nh5+ 47. Kf2 Nf6 48. Bd4 Nd5 49. Bxd5 Bxd5 50. Rxa4 Bc6 51. Ra7 Ke6 52. c3 Kd5 53. Kg3 1-0